000 nam a22 7a 4500
999 _c8759
_d8759
008 180119b ||||| |||| 00| 0 eng d
100 _aMittal R S
_95100
245 _aMCQ on Practice Skills Science
260 _aNew Delhi
_bArya Publication
_c2008